000 00827nam a2200217 a 4500
008 120416s1993 ||||||||||||||||| || u
020 _a082132425X
050 _aIBRD(02)
100 _aGrootaert, Christiaan, 1950
245 1 0 _aUnderstanding the social effects of policy reform
_cedited by Lionel Demery, Marco Ferroni, Christiaan Grootaert with Jorge Wong-Valle
260 _aWashington, D. C.
_bWorld Bank
_c1993
300 _avi, 223p. : ill.
350 _a0.00
650 _aAFRICA--SOCIAL CONDITIONS--1960
650 _aECONOMIC DEVELOPMENT--SOCIAL ASPECTS
650 _aTEXTBOOKS
700 _aFerroni, Marco
700 _aDeremy, Lionel
710 _aWorld Bank
995 _D0.00
_FCBU-MAIN LIBRARY (Kitwe)
_H1
_I0.00
_UAVAILABLE
_ZAnnex Low-Usage Collection
999 _c60751
_d60751